000 01131nam a22002417a 4500
005 20101224150352.0
008 101224t xxu||||| |||| 00| 0 mar d
010 _aMAR-20466
020 _a9788184981872
_c150.00
035 _aMR-13124
037 _bDBAD / PUB
040 _aDPL
_bMR
082 _a823
100 _aसरदार ओझकान
_925101
245 _aद मिसिंग रोझ /
_cसरदार ओझकान: श्रीकांत परांजपे द्वारा अनुवादित
246 _aThe Missing Rose
_bby Serdar Ozkan
260 _aपुणे
_bमेहता पब्लिशिंग हाऊस
_c2011
270 _a1941,सदाशिव पेठ,माडीवाले कॉलनी,
_bपुणे
_e411030
300 _a156पृ
_c21सेमी (अजिल्द)
700 _aपरांजपे,श्रीकांत
_925102
942 _2ddc
_cMR
_mसरदा
_h823
999 _c49508
_d49508